LEAN COST MANAGEMENT ACCOUNTING FOR LEAN (Record no. 27630)

MARC details
000 -LEADER
fixed length control field 00361nam a2200133Ia 4500
008 - FIXED-LENGTH DATA ELEMENTS--GENERAL INFORMATION
fixed length control field 240624s9999 xx 000 0 und d
041 ## - LANGUAGE CODE
Language code of text/sound track or separate title eng
082 ## - DEWEY DECIMAL CLASSIFICATION NUMBER
Classification number 657.867042 HUN
100 ## - MAIN ENTRY--PERSONAL NAME
Personal name HUNTZINGER JAMES R
245 ## - TITLE STATEMENT
Title LEAN COST MANAGEMENT ACCOUNTING FOR LEAN
260 ## - PUBLICATION, DISTRIBUTION, ETC.
Date of publication, distribution, etc. 2007
Place of publication, distribution, etc. USA
Name of publisher, distributor, etc. J. Ross Publishing
300 ## - PHYSICAL DESCRIPTION
Extent xxv, : 322 : p. : cm. ; 23
365 ## - TRADE PRICE
Currency code
Price amount 50
Holdings
Withdrawn status Lost status Damaged status Not for loan Home library Current library Shelving location Date acquired Source of acquisition Cost, normal purchase price Full call number Barcode Date last seen Copy number Price effective from Koha item type
        IMTN IMTN Rack 22-A 05/10/2016 BKI 49.95 657.867042 HUN 27630 06/24/2024 70.1 06/24/2024 Books
Designed & Maintained by: LRC IMT Nagpur Contact: lrc@imtnag.ac.in© 2024. All Rights Reserved.